Score 0/25 Timer 01:00
0 Plays Today
% Correct
Belgium
83.4%
Brazil
82.2%
Argentina
82.2%
Iraq
81.8%
Germany
81.8%
Switzerland
81.3%
Thailand
81.1%
China
81.1%
Colombia
80.2%
Hungary
79.5%
Lebanon
78.4%
Romania
77.9%
Guinea-Bissau
76.1%
% Correct
Slovakia
74.3%
Serbia
73.8%
Kyrgyzstan
64.1%
Azerbaijan
64%
Belize
62.7%
Barbados
58.1%
Brunei
57.3%
Rep. of the Congo
55%
St. Kitts and Nevis
49.7%
Mali
48.1%
Burundi
46%
The Gambia
38.2%
Remove Ads.
Support Sporcle.
Get the best of Sporcle when you Go Orange. This ad-free experience offers more features, more stats, and more fun while also helping to support Sporcle. Thank you for becoming a member.

You're not logged in!

Compare scores with friends on all Sporcle quizzes.
OR
Log In

Show Comments

Extras

Top Quizzes Today


Score Distribution

Your Account Isn't Verified!

In order to create a playlist on Sporcle, you need to verify the email address you used during registration. Go to your Sporcle Settings to finish the process.

Report this User

Report this user for behavior that violates our Community Guidelines.

Details: